000 00673nam a2200205 i 4500
001 54235
003 ES-MaACL
005 20250930063053.0
007 t|
008 980331s1880 sp ||||1| cat d
040 _aCAM
_bspa
_cCAM
100 1 _aFita, Fidel,
_d1835-1917
_951052
245 1 3 _aLo Llibre vert de Manresa /
_cper Fidel Fita y Colomer.
260 _aBarcelona :
_b[s.n.],
_c1880 (
_fTallers de la Renaixensa)
300 _a37 p. ;
_c26 cm.
530 _aDisponible en formato digital.
852 _aES-MaACL
_jT-384-F-16
856 _uhttp://bdh-rd.bne.es/viewer.vm?id=0000150950&page=1
_zBiblioteca Digital Hispánica
999 _c54235
_d54235